Online
Catalog

La montaña es algo más que una inmensa estepa verde / (Record no. 2573)

MARC details
000 -CABECERA
campo de control de longitud fija 00580cam a2200193 a 4500
001 - NÚMERO DE CONTROL
campo de control 000002739
005 - FECHA Y HORA DE LA ÚLTIMA TRANSACCIÓN
campo de control 20200929150240.0
008 - DATOS DE LONGITUD FIJA--INFORMACIÓN GENERAL
campo de control de longitud fija 821012s1985 dr 000 f spa
040 ## - FUENTE DE LA CATALOGACIÓN
Centro catalogador/agencia de origen DO-SdBNP
Centro/agencia transcriptor DLC
Centro/agencia modificador DLC
050 00 - SIGNATURA TOPOGRÁFICA DE LA BIBLIOTECA DEL CONGRESO
Número de clasificación MLCS 82/9706
082 ## - NÚMERO DE LA CLASIFICACIÓN DECIMAL DEWEY
Número de clasificación N860
Número de documento/Ítem C114m, 1985
100 1# - ENTRADA PRINCIPAL--NOMBRE DE PERSONA
Nombre de persona Cabezas, Omar
9 (RLIN) 8629
245 13 - MENCIÓN DE TÍTULO
Título La montaña es algo más que una inmensa estepa verde /
Mención de responsabilidad, etc. Omar Cabezas.
250 ## - MENCIÓN DE EDICIÓN
Mención de edición 5a ed.
260 ## - PUBLICACIÓN, DISTRIBUCIÓN, ETC.
Lugar de publicación, distribución, etc. Santo Domingo :
Nombre del editor, distribuidor, etc. Alfa & Omega,
Fecha de publicación, distribución, etc. 1985.
300 ## - DESCRIPCIÓN FÍSICA
Extensión 255 p. ;
Dimensiones 16 cm.
650 #4 - PUNTO DE ACCESO ADICIONAL DE MATERIA--TÉRMINO DE MATERIA
Término de materia o nombre geográfico como elemento de entrada Literatura nicaragüense
9 (RLIN) 8122
910 ## - DATOS DE OPCIÓN DEL USUARIO (OCLC)
Datos de opción del usuario Catalogación por copia / LC
Holdings
Estado de retiro Estado de pérdida Restricciones de uso No para préstamo Código de colección Localización permanente Ubicación/localización actual Ubicación en estantería Fecha de adquisición Número de inventario Total de préstamos Signatura topográfica completa Código de barras Fecha visto por última vez Precio válido a partir de Tipo de ítem Koha Número de copia
    Préstamo interno   Patrimonio Dominicano General General Depósito 03.07.2009 LF1   N860 C114m, 1985 2739-10 25.06.2020 25.06.2020 Libro y Folleto Colección Patrimonio Dominicano  
    Préstamo restringido Préstamo restrigido Patrimonio Dominicano General General Depósito 03.07.2009 LF1   N860 C114m, 1985 2739-20 25.06.2020 25.06.2020 Libro y Folleto Colección Patrimonio Dominicano e.2

Powered by Koha